[Event "29th Czech Open-Rapid 2018"]
[Site "Pardubice"]
[Date "2018.07.18"]
[Round "1"]
[White "Kusa, Jakub"]
[Black "Freisler, Pavel"]
[Result "1/2-1/2"]
[WhiteElo "2061"]
[BlackElo "2246"]
[Annotator "TA"]
[PlyCount "156"]
[EventDate "2018.07.18"]
[EventType "swiss"]
[EventCountry "CZE"]
[SourceTitle "playchess.com"]
[Source "ChessBase"]
[SourceQuality "1"]

{[%evp 23,156,-26,-32,-102,-87,-77,-37,-25,0,0,0,-27,-26,-50,-40,-79,-78,-79,0,20,26,-38,-35,-65,-10,-35,11,8,11,-85,-28,-85,-85,-85,-85,-85,-85,-85,-85,-85,-85,-85,-85,-122,-99,-122,-122,-122,-122,-122,-122,-122,-122,-122,-122,-122,-122,-165,-143,-132,-122,-122,-122,-122,-122,-122,-122,-122,-122,-122,-122,-122,-72,-114,-114,-175,-175,-443,-398,-275,-175,-605,-667,-614,-580,-580,-580,-580,-580,-550,-197,-2434,-1406,-2554,-2249,-1353,-580,-580,-576,-576,0,0,0,0,0,0,0,0,0,0,0,0,0,0,0,0,0,0,0,0,0,0,0,0,0,0,0,0,0,0,0,0,0,0,0]} 1. e4 Nf6 2. e5 Nd5 3. d4 d6 4. Nf3 g6 5. c4 Nb6 6. Nc3 Bg7 7. exd6 cxd6 8. h3 O-O 9. Be2 Nc6 10. Be3 d5 11. c5 {B04: Alekhine's Defence: 4 Nf3} (11. cxd5 Nb4 12. O-O N4xd5 13. Qd2 Nxe3 14. fxe3 e5 15. Rad1 exd4 16. exd4 Be6 17. b3 Rc8 18. Ne4 Bd5 {1-0 (37) Halldorsson,H (2228)-Thorsteins,K (2463) Reykjavik 2013}) 11... Nc4 12. Bxc4 dxc4 {LiveBook: 4 Games} 13. b3 (13. O-O $15) 13... Qa5 $17 14. Qd2 $146 ({Predecessor:} 14. Rc1 Rd8 15. O-O Nxd4 16. Nxd4 e5 17. b4 Qa6 18. Ndb5 Rxd1 19. Rfxd1 {0-1 (35) Petkevich,J-Zhukhovitsky,S Jurmala (Latvia) 1969}) 14... cxb3 {[#] White must now prevent ...Be6.} 15. O-O bxa2 16. Rxa2 Qd8 17. Rd1 Nb4 18. Rb2 Nd5 19. Nxd5 Qxd5 20. Bh6 {[#]} Bd7 (20... Bxh3 $1 $17 {[%mdl 512] Threatens to win with ...Bg4.} 21. Qg5 (21. gxh3 Bxh6) 21... Qxg5 22. Bxg5 Bc8 23. Bxe7 Re8) 21. Bxg7 Kxg7 22. Ne5 (22. Re1 $1 $11) 22... Bc6 $15 23. Nxc6 Qxc6 ({Black should play} 23... bxc6 $15 24. Rb7 Rfe8) 24. Qb4 Rab8 (24... b6 $5) 25. d5 Qf6 26. Qd4 (26. Rb3 $11) 26... Rfd8 (26... Qxd4 $17 27. Rxd4 Rfd8) 27. Qxf6+ (27. Qb4 $11) 27... Kxf6 $11 {[%mdl 4096] Endgame KRR-KRR} 28. Ra2 Rbc8 29. Rxa7 Rxc5 30. Rxb7 Rcxd5 31. Rxd5 Rxd5 $17 {KR-KR} 32. Rb6+ e6 33. Rb7 g5 34. Kf1 h5 35. Ra7 h4 36. Rb7 Rd2 37. Kg1 Kg6 38. Ra7 f6 39. Ra3 e5 40. Ra6 Rd1+ 41. Kh2 Rf1 42. f3 Rd1 43. Rb6 Kf7 44. Ra6 Ke7 45. Ra7+ Ke6 46. Ra6+ Rd6 47. Ra4 Kd5 48. Kg1 Rc6 49. Ra5+ (49. g4 $17) 49... Kd4 $19 50. Kf2 $2 (50. Ra4+ Kd3 51. Ra5) 50... Rc2+ 51. Kf1 Ke3 {[%cal Rc2c1]} 52. Ra3+ $2 (52. Kg1) 52... Kf4 53. Kg1 f5 54. Kh2 e4 55. fxe4 fxe4 56. Kg1 Rd2 $2 (56... Re2 57. Kf1 Rc2) 57. Rb3 $2 (57. Kf1) 57... Rd3 58. Rb5 Rd1+ 59. Kf2 e3+ (59... g4 $142 60. Ke2 Rg1) 60. Ke2 Rd2+ 61. Kf1 e2+ $2 (61... Rd4 $19 62. Rb1 Re4) 62. Ke1 $11 {The position is equal.} Rc2 (62... Ke3 $5 63. Re5+ $8 Kf4 $11) 63. Rb4+ Ke3 {[%cal Rc2c1]} 64. Rb3+ Kd4 65. Ra3 Rb2 66. Ra4+ Kd3 {( -> ...Rb1+)} 67. Ra3+ Ke4 68. Ra4+ Ke3 {[%cal Rb2b1]} 69. Ra3+ Kf4 70. Ra4+ Kf5 (70... Ke3 $5 71. Ra3+ $8 Kd4 $11) 71. Ra3 Rc2 72. Re3 Kf4 (72... g4 {is interesting.} 73. hxg4+ Kxg4 74. Ra3 Rc5 75. Kxe2 Rf5) 73. Rxe2 Rxe2+ (73... Rc4 {looks sharper.} 74. Kf2 g4 75. hxg4 Rb4 76. Re8 Kxg4 77. Rg8+ Kf4) 74. Kxe2 {KPP-KPP} Kg3 75. Kf1 g4 76. hxg4 Kxg4 77. Kf2 h3 78. gxh3+ Kxh3 {Precision: White = 48%, Black = 61%.} 1/2-1/2

[Event "29th Czech Open-Rapid 2018"]
[Site "Pardubice"]
[Date "2018.07.18"]
[Round "1"]
[White "Holy, Filip"]
[Black "Bogdanov, Egor"]
[Result "1/2-1/2"]
[WhiteElo "2057"]
[BlackElo "2328"]
[Annotator "TA"]
[PlyCount "88"]
[EventDate "2018.07.18"]
[EventType "swiss"]
[EventCountry "CZE"]
[SourceTitle "playchess.com"]
[Source "ChessBase"]
[SourceQuality "1"]

{[%evp 24,88,19,16,54,42,59,56,58,17,31,0,0,0,0,-17,92,48,28,7,12,12,14,20,49,21,66,75,208,64,70,60,72,-37,-9,-11,123,0,85,77,86,0,0,0,0,0,0,0,0,0,0,0,0,0,0,0,0,0,0,0,0,0,0,0,0,0,0]} 1. d4 Nf6 2. c4 g6 3. Nc3 Bg7 4. e4 O-O 5. Be2 d6 6. Nf3 e5 7. O-O Nc6 8. d5 Ne7 9. Ne1 Nd7 10. Nd3 f5 11. exf5 gxf5 12. f4 Ng6 13. Be3 {LiveBook: 11 Games} Qe7 {E98: King's Indian: Classical Main Line: 9 Ne1} 14. Qd2 Nf6 (14... Re8 15. Rae1 Nf6 16. Bd1 Kh8 17. fxe5 dxe5 18. Bd4 e4 19. Nf4 Ne5 20. b3 c5 21. dxc6 bxc6 {0-1 (38) Hort,V (2431)-Renet,O (2534) Switzerland 2014}) 15. fxe5 Nxe5 {White is slightly better.} 16. Nf4 Bd7 17. Kh1 $146 ({Predecessor:} 17. Rae1 Rae8 18. Nb5 Ng6 19. Bd3 Bxb5 20. cxb5 Nxf4 21. Bxf4 {½-½ (43) Firt,S (2380)-Oral,T (2375) Czechia 1994}) 17... Rae8 18. Bg1 Bh6 19. Qd4 Ne4 (19... b6 $11) 20. Nxe4 fxe4 21. Nh5 (21. Qxe4 $2 Rxf4 22. Rxf4 Bxf4 $19) (21. Ne6 $5 Bxe6 22. dxe6 $14) 21... Qh4 {aiming for ...Bg4.} 22. Rxf8+ Rxf8 23. Ng3 Bg7 {White should prevent ...Nf3.} 24. Qxe4 Rf4 25. Qe3 Nxc4 (25... b6 $16) 26. Bxc4 (26. Qxa7 $18 Bg4 27. Bxc4 (27. Qxb7 Bxe2 28. Nxe2 Rf7 $18)) 26... Rxc4 $14 27. Qxa7 {Strongly threatening Qb8+.} Be5 28. Qf2 (28. Qb8+ $16 Kg7 29. Rf1) 28... Rf4 29. Qc2 Rf6 (29... Rf7 $11 30. Qb3 Ba4) 30. Nf1 ({Only move:} 30. Qxc7 $16 {Black must now prevent Qd8+.} Be8 31. Qd8) 30... Bf5 (30... c5 $11) 31. Qxc7 $16 Rf7 32. Qa5 (32. Qb8+ $16 Rf8 33. Qxb7) 32... Be4 $11 {[#] ( -> ...Bxg2+!). The position is equal.} 33. Re1 Rg7 $36 {[%csl Gg7][%cal Re4g2][%mdl 2048] Black fights for an advantage.} 34. Rxe4 Qxe4 {[%csl Gg7][%cal Re4g2]} 35. Qd8+ Kf7 {[%csl Gg7][%cal Re4g2]} 36. Qd7+ $1 Kf8 $1 {[%csl Gg7][%cal Re4g2] [#]} 37. Qd8+ Kf7 {[%csl Gg7][%cal Re4g2]} 38. Qd7+ $1 Kf8 $1 {[%csl Gg7][%cal Re4g2]} 39. Qd8+ Kf7 {[%csl Gg7][%cal Re4g2]} 40. Qd7+ $1 ({Much worse is} 40. Ne3 Bf4 $17) 40... Kf8 $1 {[%csl Gg7][%cal Re4g2]} 41. Qd8+ Kf7 {[%csl Gg7][%cal Re4g2]} 42. Qd7+ $1 ({Reject} 42. Ne3 Bf4 $15) 42... Kf8 $1 {[%csl Gg7][%cal Re4g2]} 43. Qd8+ Kf7 {[%csl Gg7][%cal Re4g2]} 44. Qd7+ $1 Kf8 $1 {Precision: White = 54%, Black = 36%.} 1/2-1/2

[Event "29th Czech Open-Rapid 2018"]
[Site "Pardubice"]
[Date "2018.07.18"]
[Round "1"]
[White "Harshini A"]
[Black "Balint, Vilmos"]
[Result "1-0"]
[WhiteElo "2037"]
[BlackElo "2220"]
[Annotator "TA"]
[PlyCount "125"]
[EventDate "2018.07.18"]
[EventType "swiss"]
[EventCountry "CZE"]
[SourceTitle "playchess.com"]
[Source "ChessBase"]
[SourceQuality "1"]

{[%evp 9,125,-32,-31,-29,-25,-25,-12,-87,-89,-79,-38,-38,-35,-64,-54,-60,-58,-92,-91,-86,-103,-97,-15,-80,0,-18,0,-6,46,47,54,33,58,44,69,56,74,0,0,0,0,-19,0,-16,-10,-103,-35,-43,-33,-62,0,0,0,-21,-24,-18,-26,-29998,-83,-64,-62,-57,0,0,0,0,-35,10,262,250,389,353,915,330,740,669,555,4,4,4,4,4,4,0,0,0,552,488,1652,0,4,0,0,0,156,4,439,0,247,0,8,14,618,4,29979,29980,29980,29981,29981,29982,29982,29982,29990,29988,29997,29986,29998,29999]} 1. e4 e6 2. d4 d5 3. Nc3 Bb4 4. e5 Ne7 5. Be3 (5. a3 Bxc3+ 6. bxc3 b6 7. Qg4 Kf8 8. a4 Ba6 9. Bxa6 Nxa6 10. Qe2 Nb8 11. a5 Nbc6 12. axb6 cxb6 13. Nf3 Na5 14. O-O h6 15. Ba3 Kg8 {0-1 (43) Giri,A (2782)-Caruana,F (2816) Leuven 2018}) 5... c5 6. a3 {C16: French: 3 Nc3 Bb4 4 e5: Lines without ...c5} Bxc3+ 7. bxc3 Nbc6 8. Bb5 (8. Bd3 $11 {remains equal.}) 8... Qa5 $146 ({Predecessor:} 8... cxd4 9. Bxc6+ Nxc6 10. cxd4 a6 11. Ne2 O-O 12. O-O Ne7 13. Qd3 Bd7 14. Rfb1 b5 15. g4 Ng6 16. Ng3 Rc8 {0-1 (16) Sabicas,E (851)-Petidis,K (686) LSS email 2008}) 9. Bxc6+ bxc6 10. Qd2 Ba6 11. f3 Rb8 12. Ne2 Nf5 13. Kf2 O-O 14. dxc5 Bxe2 15. Kxe2 Rb2 (15... Nxe3 $17 16. Qxe3 Qa4) 16. Rhc1 (16. Bd4 $1 $11) 16... Rfb8 ({Better is} 16... Nxe3 $17 17. Qxe3 Qa4) 17. Bd4 h6 18. g4 Ne7 {[#]} (18... Nxd4+ $11 19. cxd4 Qd8) 19. c4 $1 {[%mdl 512]} Qxd2+ (19... dxc4 20. Qxa5) 20. Kxd2 R2b7 21. Kc3 Ng6 22. Re1 Kf8 23. cxd5 (23. Rf1 $16) 23... cxd5 $11 24. Kd2 Ne7 25. f4 Nc6 26. Bg1 Rb5 27. Kc3 (27. h4 $11 {keeps the balance.}) 27... Ke7 (27... Ra5 $17 28. Kd2 Ra4) 28. Rf1 g6 29. Rf3 Rc8 (29... Ra5 $15) 30. Rh3 d4+ 31. Bxd4 Nxd4 32. Kxd4 Rbxc5 33. Rxh6 $2 {[%mdl 12288] Endgame KRR-KRR} (33. Rb3 $11) 33... Rc4+ $2 (33... Rc3 $1 {mates} 34. Rh7 R8c4#) 34. Ke3 Rc3+ 35. Kf2 Rxc2+ (35... R8c4 $15 36. Rb1 Rxf4+ 37. Ke2 Rc7) 36. Kg3 R8c3+ 37. Kh4 {Threatening Kg5.} Rxh2+ 38. Kg5 Rb2 $2 {[%mdl 8192]} (38... Rxh6 $11 39. Kxh6 f5) 39. Rh8 $1 $18 Rbb3 (39... Rb5 {was called for.} 40. a4 Rd5) 40. a4 $1 Rb4 $2 (40... a5 41. Ra8 Rb7 42. Rxa5 Rc4) 41. Ra8 $2 (41. Rd1 Rxf4 42. Kxf4 Rc4+ 43. Kg3) 41... Rcc4 $2 (41... Rc7 42. a5 Rb5) 42. Rxa7+ Kf8 43. Rf1 $2 (43. f5 $18 {Kf6 would kill now.} exf5 44. e6 (44. gxf5 gxf5 45. e6 Rg4+ 46. Kf6 Rg6+ 47. Kxf5 Rxe6 $14)) 43... Kg7 44. a5 {Black must now prevent a6.} Ra4 45. a6 {And now Ra8 would win.} Ra5 46. Rb1 Raa4 47. Rf1 Rcb4 $2 {[%mdl 8192]} (47... Ra5 $11 {and Black stays safe.}) 48. Ra8 $1 ({Weaker is} 48. Rb7 Rxb7 49. axb7 Rb4 $14) 48... Ra5 (48... Rc4 $142 49. a7 Rd4) 49. Ra7 $2 (49. Rc1 $18 Rb3 50. Rcc8 f6+ 51. Kh4 g5+ 52. fxg5 fxg5+ 53. Kh5 Rh3+ 54. Kxg5 Rxe5+ 55. Kf4) 49... Rc4 50. Rb1 Raa4 51. Rf1 {Hoping for Ra8.} Ra2 $2 {[#]} ({Black should play} 51... Rcb4 $11) 52. Rf3 $2 ({White must play} 52. Ra8 $1 $16 Rc6 53. Rh1) 52... Raa4 $2 {[%mdl 8192]} (52... Rca4 $11) 53. Rf1 $2 (53. Ra8 $18 {aiming for Rf2.} Re4 54. Rf1) 53... Rc2 $2 {[#]} (53... Ra5 $11) 54. Rf3 $2 ({White has to play} 54. Ra8 $1 $18) 54... Rg2 55. Ra8 Ra1 $2 {[%mdl 8192]} (55... Rga2 $11) 56. a7 $2 (56. Rh3 $18 Ra5 57. Rb3) 56... Rh1 $2 {[%mdl 8192]} (56... Rga2 $11) 57. Rg8+ {White mates.} Kxg8 58. a8=Q+ Kg7 {[#]} 59. Rh3 $1 {[%mdl 512]} Rxh3 60. Qxg2 Ra3 61. Qh2 Ra1 62. Qh6+ Kg8 63. Kf6 {Precision: White = 31%, Black = 26%.} 1-0

[Event "29th Czech Open-Rapid 2018"]
[Site "Pardubice"]
[Date "2018.07.18"]
[Round "1"]
[White "Yakimenko, Alexander A"]
[Black "SHKURAN, DANIIL"]
[Result "0-1"]
[WhiteElo "2035"]
[BlackElo "2404"]
[Annotator "TA"]
[PlyCount "104"]
[EventDate "2018.07.18"]
[EventType "swiss"]
[EventCountry "CZE"]
[SourceTitle "playchess.com"]
[Source "ChessBase"]
[SourceQuality "1"]

{[%evp 18,104,80,55,64,58,91,81,95,98,147,137,149,130,139,147,138,112,101,101,113,65,66,74,57,0,0,0,0,0,25,6,8,12,75,16,16,8,10,15,8,2,0,0,2,-8,-8,-8,-8,-8,-8,-14,-8,-8,-8,-8,-8,-8,-8,-13,-8,-8,-8,-43,-43,-42,-40,-1481,-1467,-1375,-1376,-1264,-1170,-5081,-758,-5073,-4717,-5915,-5393,-29950,-12753,-7527,-11313,-12541,-5120,-4930,-4930,-29989,-29990]} 1. d4 Nf6 2. c4 g6 3. f3 Bg7 4. e4 d6 5. Nc3 O-O 6. Bg5 Na6 7. Qd2 {E81: King's Indian: Sämisch: 6th move deviations (including 6 Be3 c6)} e5 (7... Qe8 8. h4 e5 9. d5 Nh5 10. Nge2 f5 11. exf5 gxf5 12. g3 Bd7 13. Bh3 Qg6 14. Rg1 Rae8 {0-1 (43) Savchenko,B (2556)-Demchenko,A (2589) St Petersburg 2015}) 8. Nge2 exd4 9. Nxd4 Nc5 10. Be2 {LiveBook: 3 Games} h6 11. Be3 Ne6 12. O-O-O $146 ({Predecessor:} 12. Nb3 b6 13. O-O-O Kh7 14. g4 Nd7 15. f4 Nec5 {0-1 (30) Avetisian,T-Bogdanovich,S (2327) Odessa 2008}) 12... Nxd4 13. Bxd4 ({Much weaker is} 13. Qxd4 Ng4 $15) 13... Be6 14. g4 {[%cal Bg2g4,Bg4g5,Bg5h6][%mdl 32]} a6 15. h4 b5 16. g5 Nd7 17. gxh6 Bxd4 18. Qxd4 {[%csl Gh6][%cal Rd4g7] [#]} Qf6 19. Qxf6 Nxf6 20. cxb5 axb5 21. Bxb5 (21. a3 $14) 21... Bxa2 $11 22. Kc2 Be6 23. Ra1 Rfb8 24. Ra3 Rxa3 25. bxa3 d5 (25... Kh7 $11 {keeps the balance.}) 26. exd5 (26. Bc6 $16) 26... Nxd5 27. Rb1 Ne3+ 28. Kd2 Nf5 29. Bc6 Rd8+ 30. Ke1 Nd4 31. Bb7 Nc2+ 32. Kf2 Nxa3 33. Ra1 $132 {[%mdl 2048] White is fighting back} Nc2 34. Ra7 Nd4 35. Ne4 Kh7 36. Ba6 Kxh6 37. Rxc7 Ra8 38. Bc4 {Threatening Bxe6.} Bxc4 39. Rxc4 {[%mdl 4096] Endgame KRN-KRN} Ra2+ 40. Ke3 (40. Kg3 $5 {[%cal Rc4d4]} Nf5+ 41. Kh3 $11) 40... Nf5+ 41. Kf4 Nxh4 42. Ng5 $2 {[%mdl 8192] [#]} (42. Rc8 $15 Nf5 43. Rc7) 42... Ng2+ $19 43. Ke5 Kxg5 {KRN-KR} 44. Rg4+ Kh6 45. Kf6 Kh5 46. Rg3 Nh4 47. f4 Ra5 48. Kxf7 Rf5+ 49. Ke6 Rxf4 50. Ke5 Rf8 51. Ke4 g5 52. Ke3 Nf5+ {Precision: White = 43%, Black = 75%.} 0-1

[Event "29th Czech Open-Rapid 2018"]
[Site "Pardubice"]
[Date "2018.07.18"]
[Round "1"]
[White "Gschwendtner, Stanislav"]
[Black "Zaitsev, Alexander"]
[Result "0-1"]
[WhiteElo "2032"]
[BlackElo "2499"]
[Annotator "TA"]
[PlyCount "42"]
[EventDate "2018.07.18"]
[EventType "swiss"]
[EventCountry "CZE"]
[SourceTitle "playchess.com"]
[Source "ChessBase"]
[SourceQuality "1"]

{[%evp 12,42,33,20,20,-29,1,-14,3,-112,-96,-106,-98,-182,-150,-209,-210,-208,-217,-219,-221,-289,-280,-292,-283,-381,-356,-364,-380,-435,-421,-424,-428]} 1. c4 Nf6 2. Nc3 e6 3. e4 d5 4. e5 d4 5. exf6 dxc3 6. bxc3 Qxf6 {A18: Englische Eröffnung} 7. Bd3 {LiveBook: 15 Partien} Bd7 8. Be4 (8. Nf3 Bc6 9. Bc2 Bxf3 10. Qxf3 Qxf3 11. gxf3 Nc6 12. Rb1 O-O-O 13. d4 g6 14. Ke2 {½-½ (30) Caruana,F (2822)-Nakamura,H (2769) Stavanger 2018}) 8... Bc6 $146 {Schwarz hat minimalen Vorteil.} ({Vorgänger:} 8... Nc6 9. Nf3 Bd6 10. d4 h6 11. O-O O-O 12. Re1 Rfd8 13. Rb1 Rab8 14. Bc2 {1-0 (25) Gartside,C (147)-Ross,S (126) Aberystwyth 2014}) 9. Bxc6+ Nxc6 10. Qf3 (10. Nf3 $11 {bleibt in der Remisbreite.}) 10... Be7 11. Qxf6 Bxf6 12. Ba3 (12. f4 $17) 12... O-O-O 13. Nf3 (13. O-O-O $17) 13... e5 $19 {[%cal Be6e5,Be5e4][%mdl 32]} 14. O-O-O e4 15. Ne1 Ne5 16. c5 Nc4 17. Bb2 Bg5 {[%cal Rd8d2]} 18. h4 Bxd2+ 19. Kc2 Rhe8 20. Kb3 Nxb2 21. Kxb2 {[#]} Bxc3+ $1 {[%mdl 512] Precision: Weiß = 16%, Schwarz = 79%.} 0-1

[Event "29th Czech Open-Rapid 2018"]
[Site "Pardubice"]
[Date "2018.07.18"]
[Round "1"]
[White "Joukl, Zdenek"]
[Black "Pulpan, Jakub"]
[Result "0-1"]
[WhiteElo "2029"]
[BlackElo "2386"]
[Annotator "TA"]
[PlyCount "128"]
[EventDate "2018.07.18"]
[EventType "swiss"]
[EventCountry "CZE"]
[SourceTitle "playchess.com"]
[Source "ChessBase"]
[SourceQuality "1"]

{[%evp 9,128,24,29,23,30,19,19,13,12,6,14,0,37,15,26,26,29,21,36,25,45,25,52,51,40,53,55,27,35,-13,0,0,8,0,0,-3,-14,-9,0,-139,-135,-128,-122,-176,-162,-202,-179,-181,-179,-208,-200,-304,-241,-458,-212,-216,-224,-513,-503,-421,-367,-358,-353,-611,-472,-672,-697,-668,-656,-619,-612,-605,-605,-1017,-596,-596,-596,-596,-596,-1202,-830,-716,-612,-597,-562,-547,-538,-590,-586,-576,-576,-601,-601,-437,-206,-206,-206,-206,-206,-206,-206,-206,-206,-206,-212,-215,-212,-207,0,-201,-203,-204,-287,-12840,-12839,-12841,-12842,-12842,-12842,-12845,-12846]} 1. d4 Nf6 2. Nf3 d6 3. Bf4 Bf5 4. e3 (4. Nbd2 d5 5. e3 e6 6. Bd3 Bd6 7. Ne5 Bxd3 8. cxd3 O-O 9. O-O Nbd7 10. Qb3 Rb8 11. h3 Qe7 {½-½ (21) Rahmanov,S (2332)-Sadikhov,U (2374) Canakkale 2016}) 4... Nbd7 5. Bd3 Bxd3 6. Qxd3 {A46: 1 d4 Nf6 2 Nf3 e6: Torre, London and Colle Systems} g6 7. Nbd2 Bg7 8. e4 $146 {The position is equal.} ({Predecessor:} 8. c3 c5 9. h4 cxd4 10. exd4 Nb6 11. O-O {1-0 (35) Beyer,H-Richter,M Hamburg 1992}) 8... O-O 9. O-O c5 {next ...cxd4 is good for Black.} 10. c3 Nh5 11. Bg5 h6 12. Be3 Qc7 13. a4 Rfc8 14. h3 Nhf6 15. Rfc1 cxd4 16. cxd4 Qxc1+ 17. Rxc1 Rxc1+ 18. Kh2 Rc7 19. Qb5 {[%mdl 1024] White has compensation.} a6 20. Qb3 Ne8 21. Nc4 Rac8 22. Nb6 Nxb6 23. Qxb6 Nf6 24. e5 (24. Nd2 $11 {was the only way to keep the balance.}) 24... Nd5 $36 {[%mdl 2048] Keeping White busy.} 25. Qb3 Nxe3 26. fxe3 (26. Qxe3 $17 dxe5 27. dxe5) 26... dxe5 $19 27. Nxe5 Bxe5+ 28. dxe5 $17 {[%mdl 4096] Endgame [#] KQ-KRR} e6 $1 29. Kg3 {[#]} b5 $1 {[%cal Bb7b5,Bb5a4][%mdl 544]} 30. h4 (30. axb5 {was worth a try.} Rb7 31. Qa4 Rxb5 32. Qxa6) 30... h5 31. Kf4 $2 (31. axb5 Rb7 32. Qa4 Rxb5 33. Qxa6) 31... Rc4+ (31... bxa4 $142 32. Qb6 Rc6) 32. e4 $19 bxa4 33. Qb7 $2 (33. Qf3 {was forced.}) 33... Rc2 34. g4 Kg7 {Threatens to win with ...a3!} 35. gxh5 gxh5 36. Qxa6 $2 (36. Ke3) 36... Rh8 37. Qxa4 (37. Qf1 $142 Rh6 38. Qa1) 37... Rxb2 38. Qa7 {intending Qg1+.} Rg2 39. Qe7 Rg6 40. Kf3 Rb8 41. Qa3 Rb1 42. Kf2 Rh1 43. Qe7 Rc1 44. Qa3 Rc2+ 45. Kf1 Rc8 46. Qf3 Rh8 47. Kf2 Rhh6 48. Ke2 Rg4 49. Kd3 Rxh4 50. Kc4 Rg4 51. Kc5 Kh7 (51... Rgg6 $142 {aiming for ...h4.} 52. Qh3 h4) 52. Qxf7+ Rg7 53. Qf3 h4 54. Qh3 Rg3 55. Qh2 Ra3 {Hoping for ...h3.} 56. Kb6 Ra8 57. Qh3 Rg8 58. Kc6 Rg7 $2 (58... Rg5 $19 59. Kd6 Rg3) 59. Kd6 $2 (59. Kc5 $1 $11 {and White is okay.}) 59... Rg3 60. Qh2 Rg4 (60... Rg8 $142 61. Qh3 Rg5) 61. Qe2 $2 (61. Qh3 Rg5 62. Kc5) 61... Rg7 {Black is clearly winning.} 62. Qh2 h3 {[%cal Bh4h3,Bh3h2][%mdl 32]} 63. Kc5 Rg2 64. Qf4 h2 {Precision: White = 34%, Black = 61%.} 0-1

[Event "29th Czech Open-Rapid 2018"]
[Site "Pardubice"]
[Date "2018.07.18"]
[Round "1"]
[White "Natarov, Ilya"]
[Black "Chekletsov, Ilya"]
[Result "0-1"]
[WhiteElo "2028"]
[BlackElo "2395"]
[Annotator "TA"]
[PlyCount "90"]
[EventDate "2018.07.18"]
[EventType "swiss"]
[EventCountry "CZE"]
[SourceTitle "playchess.com"]
[Source "ChessBase"]
[SourceQuality "1"]

{[%evp 16,90,0,-6,10,4,27,27,32,-13,-5,-39,-1,-18,0,0,-7,-7,0,-37,0,-29,-14,-12,0,0,0,-32,-25,-107,-93,-243,-206,-461,-425,-466,-466,-466,-457,-436,-335,-310,-242,-242,-242,-242,-242,-243,-243,-243,-243,-251,-243,-299,-298,-296,-291,-856,-847,-1214,-1220,-1771,-1704,-2099,-691,-29973,-29972,-29975,-29977,-29972,-29974,-29985,-29986,-29987,-1734,-29991,-29992]} 1. d4 Nf6 2. c4 e6 3. g3 d5 4. Nf3 dxc4 5. Bg2 Bd7 6. Ne5 Bc6 {E04: Open Catalan: 5 Nf3} (6... Nc6 7. Nxc4 Bb4+ 8. Nc3 Nd5 9. Qd3 O-O 10. O-O Be7 11. Rd1 Bf6 12. e3 Ncb4 13. Qd2 c5 14. Ne4 cxd4 15. Nxf6+ Qxf6 {1-0 (36) Van Wely,L (2695)-Harikrishna,P (2766) Wijk aan Zee 2017}) 7. Nxc6 Nxc6 8. Bxc6+ bxc6 9. O-O {LiveBook: 7 Games} Be7 10. Qa4 Qd7 11. Qxc4 O-O $146 ({Predecessor:} 11... Rb8 12. Nc3 O-O 13. Rd1 Bb4 14. b3 Be7 15. e4 a5 16. Bb2 {1-0 (39) Michael,D (2243)-Taylor,B (1952) ICCF email 2009}) 12. Bg5 Rab8 13. Nd2 Rb4 14. Qa6 Rxd4 15. Nb3 Rd5 16. Bxf6 Bxf6 17. Rab1 h5 18. Qxa7 h4 19. e4 Rd6 20. Qe3 {Threatens to win with e5.} e5 21. Nc5 Qg4 22. f3 (22. Rbe1 $11 {remains equal.}) 22... Qg6 {[#] White must now prevent ...Bg5.} 23. Qf2 (23. g4 $17) 23... Rfd8 24. Nb3 $2 (24. Nb7 Rd2 25. Qe1) 24... hxg3 $19 25. hxg3 Bg5 26. Rbe1 Bf4 27. Kg2 Qg5 28. Rg1 {[#]} Rd2 $1 {[%mdl 512]} 29. Nxd2 Rxd2 $40 {[%mdl 128] Black has strong attack.} 30. Re2 {And now Rxd2 would win.} Bxg3 $1 31. Qxg3 Rxe2+ 32. Kf1 Qxg3 33. Rxg3 Rxb2 {[%mdl 4096] Endgame KR-KR} 34. a3 Ra2 35. f4 exf4 36. Rc3 $2 (36. Rg4) 36... f6 37. Rxc6 Rxa3 38. Rxc7 Re3 39. Rc4 Kf7 (39... g5 $142 40. Ra4 Kf7) 40. Kf2 g5 {[%cal Bg7g5,Bg5g4,Bg4g3][%mdl 32]} 41. Ra4 Kg6 42. Rb4 g4 43. Ra4 g3+ 44. Kg2 Kg5 (44... Re2+ $142 45. Kg1 f3 46. Ra1 Rg2+ 47. Kf1 Rh2 48. Ke1 Rh1+ 49. Kd2 Rxa1 50. e5 fxe5 51. Kd3 f2 52. Kc4 f1=Q+ 53. Kd5 Qd3+ 54. Ke6 Rc1 55. Ke7 Rd1 56. Kf8 Qd8#) 45. Ra5+ Kg4 {Precision: White = 30%, Black = 60%.} 0-1